000
00240pab a2200109 454500
008
180718b xxu||||| |||| 00| 0 eng d
100
_a
Kang, S.K.
245
_a
Irrigation scheduling
650
_a
Irrigation
773
_a
Bhagirath
909
_a
3105
999
_c
3105
_d
3105